000 01288nam a2200217Ia 4500
999 _c56190
_d56190
001 23291
003 GE_BSU
005 20220610123444.0
008 181216s2013ge xx |||||||||||||| ||geo||
040 _cGE_BSU
041 _ageo
080 _a519.95+004 ნ-21
100 _aნაკაშიძე, გურამ
_91514
245 _aლოკალური ალგორითმების რეალიზების თანამედროვე კომპიუტერული ტექნოლოგიები და მისი კერძო შემთხვევები :
_bმონოგრაფია /
_cგურამ ნაკაშიძე
264 _aბათუმი :
_bშპს "პოლიგრაფ 2010",
_c2013
300 _a236 გვ. :
_bილ ;
_c21სმ.
504 _aბიბლ. გვ.226-236
653 _aდაპროგრამების პროცესი მათემატიკა
653 _aლოკალური ალგორითმების რეალიზების თანამედროვე კომპიუტერული ტექნოლოგიები და მისი კერძო შემთხვევები
942 _cBK
_2udc